Theologie der Erbsunde.

Guardat en:
Dades bibliogràfiques
Autor principal: Weger, Karl-Heinz (Autor)
Format: Llibre
Idioma:alemany
Publicat: Freiburg, Deutschland : Herder, 1970.
Col·lecció:Quaestiones Disputatae,
Matèries:
Etiquetes: Afegir etiqueta
Sense etiquetes, Sigues el primer a etiquetar aquest registre!

MARC

LEADER 00000cam a2200000 a 4500
001 UCE8096
003 CL-VaPUC
005 20250509155435.0
008 150728e19700000gw |||||||||||||||||ger|d
999 |c 360046  |d 360044 
040 |c Pontificia Universidad Católica de Valparaíso 
082 0 4 |a 233.14 WEG 1970  |2 21 
100 0 |a Weger, Karl-Heinz  |e author  |9 580806 
245 1 0 |a Theologie der Erbsunde. 
260 |a Freiburg, Deutschland :  |b Herder,  |c 1970.  
300 |a 230 páginas.  
490 0 |a Quaestiones Disputatae,   |n  44.  
500 |a c.2. Donación libros de R. P Dieter Gustavo Felten (Q.E.P.D) octubre 2024. 
583 |a last modification  |c 20150728 02:04:00  |k Rodrigo Vera 
650 0 |a Pecado original   |9 266246 
650 0 |a Teología dogmática   |9 313198 
942 |c BK  |2 ddc 
945 |d 20150728 02:04:00  |a dcastane 
952 |0 0  |1 0  |3 erb  |4 0  |6 233_140000000000000_WEG_1970  |7 0  |8 A  |9 469672  |a BIBTEO  |b BIBTEO  |e Casale Rolle, Carlos Ignacio, -2014  |i 5184460  |l 1  |m 1  |o 233.14 WEG 1970  |p 5184460  |r 2025-01-17  |s 2023-09-05  |w 2019-11-23  |y BK  |z Catalogado en:20150728  |k ICR 
952 |0 0  |1 0  |2 ddc  |3 erb  |4 0  |6 233_140000000000000_WEG_1970  |7 0  |8 A  |9 602937  |a BIBTEO  |b BIBTEO  |d 2025-05-09  |e Donación   |i 5184466  |o 233.14 WEG 1970  |p 5184466  |r 2025-05-09  |t 2  |w 2025-05-09  |y BK  |z Catalogado en:20150728  |k ICR